Analýza statických účinkov integrácie SR do EÚ
Analýza účinkov integrácie na vzájomné obchodné toky vyplývajúce z liberalizácie obchodu po vstupe SR do EÚ. Úroveň vnútroregionálneho obchodu. Komplementárna štruktúra obchodu. Špecializácia SR pri exporte do EÚ roku 1999. Obchod SR a EÚ. Determinanty účinkov integrácie.
Guardado en:
| Autor principal: | |
|---|---|
| Otros Autores: | |
| Formato: | Capítulo de libro |
| Lenguaje: | eslovaco |
| Materias: | |
| Etiquetas: |
Sin Etiquetas, Sea el primero en etiquetar este registro!
|
MARC
| LEADER | 00000naa a2200000 4500 | ||
|---|---|---|---|
| 001 | r048224 | ||
| 005 | 20240502071342.6 | ||
| 041 | 0 | |a slo | |
| 044 | |a SK | ||
| 245 | 1 | 0 | |a Analýza statických účinkov integrácie SR do EÚ |c Zuzana Mogyorosiová, Beáta Šaková |
| 520 | |a Analýza účinkov integrácie na vzájomné obchodné toky vyplývajúce z liberalizácie obchodu po vstupe SR do EÚ. Úroveň vnútroregionálneho obchodu. Komplementárna štruktúra obchodu. Špecializácia SR pri exporte do EÚ roku 1999. Obchod SR a EÚ. Determinanty účinkov integrácie. | ||
| 610 | 2 | 0 | |a integrácia |
| 610 | 2 | 0 | |a Slovensko |
| 610 | 2 | 0 | |a Európska únia |
| 610 | 2 | 0 | |a obchod |
| 610 | 2 | 0 | |a liberalizácia |
| 100 | 1 | |a Mogyorosiová, Zuzana, 1975- | |
| 700 | 1 | |a Šaková, Beáta | |